Historyczni sąsiedzi Polski - Statystyki

Ogólne statystyki
  • Ten quiz został rozwiązany 617 razy
  • Średni wynik to 14 z 27
Statystyki odpowiedzi
Kraj % Poprawnych
Rosja
86%
Litwa
84%
Czechy
81%
Węgry
81%
Austria
80%
Ukraina
79%
Słowacja
76%
Szwecja
76%
Łotwa
75%
ZSSR
73%
Białoruś
71%
Prusy
70%
Rumunia
69%
Czechosłowacja
62%
Imperium Osmańskie
58%
Mołdawia
58%
Dania
56%
III Rzesza
37%
Mongolia
30%
Ruś Kijowska
24%
Wolne Miasto Gdańsk
13%
Chanat Krymski
12%
Branderburg
9%
Niemcy Wschodnie
6%
Państwo Zakonu Krzyżackiego
6%
Bohemia
4%
Zachodnie Cesarstwo Rzymskie
0%
Nie znaleziono quizów pasujących do podanych kryteriów
Rozkład punktacji
Procent ludzi z każdym wynikiem
Percentyl według liczby udzielonych odpowiedzi
Twoja historia wyników
Nie rozwiązałeś tego quizu